Statistics for Countries and their territories closest to the Kingdom of the Netherlands

Click here to take the quiz!

General Stats

  • This quiz has been taken 181 times
    (113 since last reset)
  • The average score is 15 of 20

Answer Stats

kmCountrymiles% Correct
0Belgium0
99%
0Germany0
99%
0France (Saint Martin)0
96%
199Denmark123
92%
12UK (Anguilla)8
90%
139United States (US Virgin Islands)86
90%
63Luxembourg40
89%
368Switzerland229
81%
443Austria275
78%
463Poland288
78%
27Venezuela17
77%
432Sweden269
71%
464Liechtenstein288
71%
414Czech Republic257
70%
13Saint Kitts and Nevis8
67%
125Colombia77
66%
115Antigua and Barbuda72
61%
430Saint Lucia268
61%
259Dominica160
59%
492Saint Vincent and the Grenadines305
56%

Score Distribution

Percentile by Number Answered

Percent of People with Each Score

Your Score History

You have not taken this quiz since the last reset